000
00272nam a22001337a 4500
008
170911b xxu||||| |||| 00| 0 eng d
020
_a
9780375427954
041
_a
eng
080
_a
53
100
_a
43
101
_a
FIZ
245
_a
MCAT
_c
FRANEK,R
942
_2
udc
_c
BK
999
_c
27159
_d
27159